000 00625nam a2200241Ia 4500
005 20260306153824.0
008 008 260114s9999 xx 000 0 eng d
020 _a9789948146360
037 _aEBOOK
040 _aCRL
040 _beng
040 _cCRL
041 _2eng
041 _aeng
084 _qCRL
245 0 _aFrom Tribe to Facebook 1st ed
260 _bEmirates Center for Strategic Studies and Research
260 _c2014
650 _aPolitical Science
856 _uhttps://www.cambridge.org/core/product/identifier/9789948146360/type/BOOK
942 _cEBOOK
999 _c1705041
_d1705041